[Event "Krakow Malopolski-chB"]
[Site "Krakow"]
[Date "2013.05.03"]
[Round "7"]
[White "Drop, Szymon"]
[Black "Kuciel, Piotr"]
[Result "1-0"]
[WhiteElo "1789"]
[BlackElo "1659"]
[PlyCount "73"]
[EventDate "2013.04.28"]
[EventType "swiss"]
[EventRounds "9"]
[EventCountry "POL"]
[SourceTitle "CBM 154 Extra"]
[Source "ChessBase"]
[SourceDate "2013.06.25"]
[SourceVersion "2"]
[SourceVersionDate "2013.06.25"]
[SourceQuality "1"]

1. e4 e5 2. Nf3 Nc6 3. Bc4 Bc5 4. d3 h6 5. 0-0 d6 6. c3 g5 7. Be3 g4 8. Nfd2 Qh4 9. Qb3 Rh7 10. Bxc5 dxc5 11. Qb5 Rg7 12. Qxc5 Rg5 13. Re1 Rh5 14. Nf1 Nf6 15. Na3 a6 16. Nc2 Ne7 17. Qxc7 Be6 18. Qxb7 Rd8 19. Bxe6 fxe6 20. Qxa6 Kf7 21. a4 Rf8 22. Qb7 Rg8 23. Nce3 Rhg5 24. Ng3 Nh5 25. a5 Nf4 26. a6 R5g7 27. a7 Kf6 28. a8Q Neg6 29. Qxg7+ Rxg7 30. Qd8+ Re7 31. Ra7 Nh3+ 32. gxh3 Qxh3 33. Rxe7 Nh4 34. Qf8+ Kg5 35. Rg7+ Ng6 36. Qe7+ Kf4 37. Qf6# 1-0